000 00895cam a22001814a 4500
005 20250605164342.0
008 250528s ||||||||||||||||||||||||d
035 _a23647
040 _aGR-AtMCL
_bgre
_dGR-AtMCL
_eAACR2
245 1 _aΧρήση Συστημάτων CRM και Επιπτώσεις στην Απόδοση των Επιχειρήσεων
260 _c2010
300 _a307
520 _aΕυχαριστίες, Σύνοψη Διατριβής, Σχεσιακό Μάρκετινγκ και CRM, Θεωρητικό Πλαίσιο Μελέτης και Ερευνητικές Υποθέσεις, Μεθοδολογία Έρευνας, Ανάλυση Στοιχείων, Συμπεράσματα Έρευνας, Βιβλιογραφίκες Παραπομπές.
700 1 _aΠαπαδάκης Γεώργιος
_99076
942 _cDS
999 _c8644
_d8644